Polityka wodna Unii Europejskiej i jej implikacje dla Polski / (Rekord nr 34435)
| 000 -ETYKIETA REKORDU | |
|---|---|
| podpole kontrolne o stałej długości | 01676nam a2200481 i 4500 |
| 001 - NUMER KONTROLNY REKORDU | |
| pole kontrolne | 34435 |
| 003 - IDENTYFIKATOR NUMERU KONTROLNEGO REKORDU | |
| podpole kontrolne | KOSZ 005 |
| 005 - DATA OSTATNIEJ MODYFIKACJI REKORDU | |
| podpole kontrolne | 20240405063103.0 |
| 008 - POLE O STAŁEJ DŁUGOŚCI - DANE KONTROLNE | |
| podpole kontrolne o stałej długości | 991010s1999 pl f |000 0 pol d |
| 020 ## - MIĘDZYNARODOWY ZNORMALIZOWANY NUMER KSIĄŻKI - ISBN | |
| ISBN | 8390659182 |
| 040 ## - ŹRÓDŁO KATALOGOWANIA | |
| Instytucja, która utworzyła rekord | KOSZ 005 |
| Instytucja, która sporządziła opis | KOSZ 005 |
| Instytucja, która dokonała modyfikacji | KOSZ 005/HR |
| 041 0# - KOD JĘZYKA | |
| Kod języka tekstu | pol |
| 046 ## - DATY KODOWANE | |
| Pojedyncza data lub początek okresu powstania dzieła lub zbioru dzieł | 1998 |
| 080 ## - UNIWERSALNA KLASYFIKACJA DZIESIĘTNA - UKD | |
| UKD | 349.6(4-67) |
| 080 ## - UNIWERSALNA KLASYFIKACJA DZIESIĘTNA - UKD | |
| UKD | 504.4 |
| 080 ## - UNIWERSALNA KLASYFIKACJA DZIESIĘTNA - UKD | |
| UKD | 342.951(4-67) |
| 080 ## - UNIWERSALNA KLASYFIKACJA DZIESIĘTNA - UKD | |
| UKD | 351.79 |
| 100 1# - NAZWA OSOBOWA | |
| Nazwa osobowa | Gromiec, Marek Jerzy |
| Określenie rodzaju współpracy | Autor |
| 245 10 - TYTUŁ/ODPOWIEDZIALNOŚĆ | |
| Tytuł | Polityka wodna Unii Europejskiej i jej implikacje dla Polski / |
| Pozostałe elementy strefy tytułu i oznaczenia odpowiedzialności | Marek Jerzy Gromiec. |
| 250 ## - STREFA WYDANIA | |
| Oznaczenie wydania | Wyd. 2 zm. |
| 260 ## - STREFA ADRESU WYDAWNICZEGO | |
| Miejsce wydania | Warszawa : |
| Nazwa wydawcy/dystrybutora | Wydawnictwa Zarządu Głównego PZITS, |
| Data publikacji, dystrybucji/powstania dokumentu | 1999. |
| 300 ## - STREFA OPISU FIZYCZNEGO | |
| Objętość | 62 s., 4 k. tabl. kolor. ; |
| Rozmiary | 24 cm. |
| 336 ## - TYP ZAWARTOŚCI | |
| Źródło (terminu i kodu) | rdacontent |
| Termin opisujący typ zawartości | Tekst |
| Kod określający zawartość | txt |
| 337 ## - TYP MEDIÓW | |
| Źródło (terminu i kodu) | rdamedia |
| Tryb odtwarzania | Bez urządzenia pośredniczącego |
| Kod typu mediów | n |
| 338 ## - TYP/RODZAJ NOŚNIKA | |
| Źródło (terminu i kodu) | rdacarrier |
| Hasło opisujące typ nośnika | Wolumin |
| Kod typu nośnika | nc |
| 380 ## - FORMA I TYP PUBLIKACJI | |
| Forma i typ publikacji | Książki |
| 388 ## - CZAS POWSTANIA | |
| Czas powstania | 1901-2000 |
| 388 ## - CZAS POWSTANIA | |
| Czas powstania | 1989-2000 |
| 490 1# - STREFA SERII I DOKUMENTU WIELOCZĘŚCIOWEGO - FORMA NIE DO WYSZUKIWANIA | |
| Tytuł i oznaczenie odpowiedzialności serii | Monografie / Polskie Zrzeszenie Inżynierów i Techników Sanitarnych. Wodociągi i Kanalizacja ; |
| Numeracja w obrębie serii | nr 2 |
| 504 ## - UWAGA DOTYCZĄCA BIBLIOGRAFII | |
| Informacje o bibliografii | Bibliogr. s. 23-24. |
| 610 2# - HASŁO PRZEDMIOTOWE W FORMIE NAZWY CIAŁA ZBIOROWEGO | |
| Nazwa ciała zbiorowego lub nazwa geograficzna | Unia Europejska (UE) |
| 648 #7 - HASŁO PRZEDMIOTOWE - TERMIN CHRONOLOGICZNY | |
| Termin chronologiczny | 1901-2000 |
| 648 #7 - HASŁO PRZEDMIOTOWE - TERMIN CHRONOLOGICZNY | |
| Termin chronologiczny | 1989-2000 |
| 650 #7 - HASŁO PRZEDMIOTOWE W FORMIE NAZWY OGÓLNEJ LUB JEDNOSTKOWEJ | |
| Nazwa ogólna lub geograficzna | Gospodarka wodna |
| 650 #7 - HASŁO PRZEDMIOTOWE W FORMIE NAZWY OGÓLNEJ LUB JEDNOSTKOWEJ | |
| Nazwa ogólna lub geograficzna | Prawo ochrony środowiska |
| 650 #7 - HASŁO PRZEDMIOTOWE W FORMIE NAZWY OGÓLNEJ LUB JEDNOSTKOWEJ | |
| Nazwa ogólna lub geograficzna | Prawo wodne |
| 651 #7 - HASŁO PRZEDMIOTOWE W FORMIE NAZWY GEOGRAFICZNEJ | |
| Nazwa geograficzna | Polska |
| 658 ## - TERMIN INDEKSOWY - PRZEDMIOT PROGRAMU NAUCZANIA | |
| Główny przedmiot programu nauczania | Ochrona środowiska |
| 650 #7 - HASŁO PRZEDMIOTOWE W FORMIE NAZWY OGÓLNEJ LUB JEDNOSTKOWEJ | |
| Nazwa ogólna lub geograficzna | Prawo Unii Europejskiej |
| 830 #0 - HASŁO DODATKOWE SERII LUB DOKUMENTU WIELOCZĘŚCIOWEGO - TYTUŁ UJEDNOLICONY | |
| Tytuł ujednolicony | Monografie (Polskie Zrzeszenie Inżynierów i Techników Sanitarnych). |
| Nazwa części/sekcji dzieła | Wodociągi i Kanalizacja |
| 856 ## - LOKALIZACJA I DOSTĘP DO ELEKTRONICZNYCH DOKUMENTÓW ZDALNYCH | |
| Link (URL) | http://koha.tu.koszalin.pl/cgi-bin/koha/opac-detail.pl?biblionumber=34435 |
| Tekst linku | Katalog online BPK |
| 942 ## - DODATKOWE ELEMENTY (KOHA) | |
| Typ dokumentu | Książka |
| Schemat klasyfikacji | Uniwersalna Klasyfikacja Dziesiętna |
| Wycofany | Status egzemplarza | Uszkodzony | Dostępność | Lokalizacja stała | Lokalizacja bieżąca | Miejsce przechowywania | Sygnatura | Kod kreskowy | Dział | Typ dokumentu | Ostatnio wypożyczono |
|---|---|---|---|---|---|---|---|---|---|---|---|
| Tylko na miejscu | Biblioteka Politechniki Koszalińskiej | Biblioteka Politechniki Koszalińskiej | Czytelnia BG | 47712 | 01405811 | 349.6 Prawo ochrony środowiska | Książka | ||||
| Dostępny | Biblioteka Politechniki Koszalińskiej | Biblioteka Politechniki Koszalińskiej | Wypożyczalnia BG | 47713 | 01405804 | Książka | 22.02.2021 |
